Diamond and diamondlike films physics and applications IV : Proceedings. Bratislava, Slovak Republik. 18. Dec. 2004 /

Guardado en:
Detalles Bibliográficos
Otros Autores: Dubravcová, Viera, 1942- (Compilador)
Formato: Libro
Lenguaje:inglés
Publicado: Bratislava : STU v Bratislave FEI, 2004
Materias:
Etiquetas: Agregar Etiqueta
Sin Etiquetas, Sea el primero en etiquetar este registro!

MARC

LEADER 00000nam a22000003a 4500
001 stu89150
005 20150617225627.7
008 040722s2004----xo------------------eng-d
020 |a 80-227-1993-5 
040 |a STU  |b slo 
041 0 |a eng 
044 |a xo 
080 |a 538.9  |7 stu_us_auth*stu7967 
080 |a 539.2 
080 |a 621.315.592 
080 |a 546.26-162 
100 1 |a Dubravcová, Viera,  |d 1942-  |4 com  |u E210  |U FEI Fakulta elektrotechniky a informatiky  |T FEI Katedra mikroelektroniky  |X 2978  |U E210  |Y 68  |7 A000002978 
245 1 |a Diamond and diamondlike films physics and applications IV :  |b Proceedings. Bratislava, Slovak Republik. 18. Dec. 2004 /  |c Edit. Dubravcová, V. 
260 |a Bratislava :  |b STU v Bratislave FEI,  |c 2004 
300 |a 57 s 
650 7 |a fyzika polovodičov  |2 stusub 
650 7 |a fyzika tuhých látok  |2 stusub 
650 7 |a polovodičové materiály  |2 stusub 
650 7 |a diamanty  |2 stusub 
650 7 |a karbidy kremíka  |2 stusub 
650 7 |a diamantové vrstvy  |2 stusub 
996 |b 284EZ00305  |c E*Z-869  |l EE0102  |s P  |a 0  |w stu89150_0001